| 000 | 01311nam a2200229Ia 4500 | ||
|---|---|---|---|
| 003 | Ost | ||
| 005 | 20260416102349.0 | ||
| 008 | 260416s9999||||xx |||||||||||||| ||und|| | ||
| 040 | _cfsecg | ||
| 041 | _aara | ||
| 082 | _a382.1 | ||
| 100 |
_aكبير، سمية _eمؤلف |
||
| 245 | 0 |
_aالعلاقات الإقتصادية الدولية / _c سمية كبير |
|
| 260 |
_aالجزائر _bجامعة الجزائر3: كلية العلوم الإقتصادية، العلوم التجارية وعلوم التسيير _c2012 |
||
| 300 |
_a103 ورقة _bايضاحات _c30 سم |
||
| 504 | _aمراجع ص.102 | ||
| 520 | _aالنظريات في التجارة الدولية ، سياسات التجارة الخارجية ، سعر الصرف، ميزان المدفوعات ،صندوق النقد الدولي والبنك الدولي، الجات والمنظمة العالمية للتجارة ،التكتلات الاقتصادية ، الشركات المتعددة الجنسيات والاستثمار الاجنبي المباشر | ||
| 653 | _aالتجارة الخارجية | ||
| 653 | _aالجات | ||
| 710 |
_aجامعة الجزائر3: كلية العلوم الإقتصادية، العلوم التجارية وعلوم التسيير _eناشر علمي |
||
| 942 | _cHANDOUT | ||
| 999 |
_c40949 _d40949 |
||